La ingeniería y la gestión del agua a través de los tiempos (Record no. 169143)

MARC details
000 -LEADER
campo de control de longitud fija 00985nam a2200253 i 4500
001 - NÚMERO DE CONTROL
campo de control 169143
003 - IDENTIFICADOR DE NÚMERO DE CONTROL
campo de control ES-MaACL
005 - FECHA Y HORA DE LA ÚLTIMA TRANSACCIÓN
campo de control 20250902233321.0
008 - DATOS DE LONGITUD FIJA--INFORMACIÓN GENERAL
campo de control de longitud fija 080819s2006 sp a |||| | spa d
080 ## - NÚMERO DE LA CLASIFICACIÓN DECIMAL UNIVERSAL
Número de la Clasificación Decimal Universal 626/627
080 ## - NÚMERO DE LA CLASIFICACIÓN DECIMAL UNIVERSAL
Número de la Clasificación Decimal Universal 330.15:556(100)
245 03 - MENCIÓN DEL TÍTULO
Título La ingeniería y la gestión del agua a través de los tiempos
Resto del título : aprendiendo de la historia /
Mención de responsabilidad, etc. [Enrique Cabrera Marcet, ed.].
250 ## - MENCION DE EDICION
Mención de edición 1ª ed.
260 ## - PUBLICACIÓN, DISTRIBUCIÓN, ETC.
Lugar de publicación, distribución, etc. Valencia :
Nombre del editor, distribuidor, etc. Instituto Tecnológico del Agua, Universidad Politécnica de Valencia,
Fecha de publicación, distribución, etc. 2006.
300 ## - DESCRIPCIÓN FÍSICA
Extensión [386] p. :
Otras características físicas il. ;
Dimensiones 30 cm.
504 ## - NOTA DE BIBLIOGRAFÍA, ETC.
Nota de bibliografía, etc. Referencias bibliográficas.
546 ## - NOTA DE IDIOMA
Nota de lengua/lenguaje Algunos capítulos en inglés.
650 #4 - PUNTO DE ACCESO ADICIONAL DE MATERIA--TÉRMINO DE MATERIA
Término de materia o nombre geográfico como elemento de entrada Agua-
Subdivisión general Abastecimiento.
9 (RLIN) 9692
650 #7 - PUNTO DE ACCESO ADICIONAL DE MATERIA--TÉRMINO DE MATERIA
Término de materia o nombre geográfico como elemento de entrada Ingeniería hidráulica
Fuente del encabezamiento o término embne
9 (RLIN) 136287
700 1# - ENTRADA AGREGADA--NOMBRE PERSONAL
Nombre de persona Cabrera Marcet, Enrique.
9 (RLIN) 138205
710 2# - ENTRADA AGREGADA--NOMBRE DE ENTIDAD CORPORATIVA
Nombre de entidad corporativa o nombre de jurisdicción como elemento de entrada Universidad Politécnica de Valencia.
Unidad subordinada Instituto Tecnológico del Agua.
9 (RLIN) 138209
852 ## - LOCALIZACIÓN
Ubicación ES-MaACL
Número de control de estantería L-29576
Nota libre - Enc. canutillo (Wiro)
Holdings
Estatus retirado Estado de pérdida Estado de daño No para préstamo Biblioteca de origen Biblioteca actual Ubicación en estantería Fecha de adquisición Fuente de adquisición Total de préstamos Signatura topográfica completa Código de barras Visto por última vez Precio de reemplazo Tipo de ítem Koha
        Biblioteca del Ateneo de Madrid Biblioteca del Ateneo de Madrid Depósito 2 19/08/2008     L-29576 1177587 23/02/2023 23/02/2023 Libro impreso